00317nam a2200121Ia 4500008004100000041000800041082001400049100002800063245004500091260002800136300002400164365000700188240624s9999 xx 000 0 und d aeng a001.1 KNA aKNAFLIC COLE NUSSBAUMER aSTORYTELLING WITH DATA A DATA VISUALIZAT c2015aNew JerseybWiley a267 : p. : cm. ; 28 cRS